| 000 | 00677nam a2200169 4500 | ||
|---|---|---|---|
| 999 |
_c61494 _d61494 |
||
| 005 | 20240320104100.0 | ||
| 008 | 240320c2001 ge ||||| |||| 00| 0 geo d | ||
| 022 | _a15120880 | ||
| 041 | _ageo | ||
| 245 |
_aსაქართველოს ბიბლიოთეკა : _b2001 / _cრედ. ალ.ლორია, გურამ თაყნიაშვილი. |
||
| 260 |
_aთბილისი, _c2001. |
||
| 300 | _aV. | ||
| 653 | _aბიბლიოთეკა | ||
| 700 |
_aლორია, ალ. _eრედაქტორი _921478 |
||
| 700 |
_aთაყნიაშვილი, გ. _eრედაქტორი _97920 |
||
| 942 |
_2udc _cᲬᲘᲒᲜᲘ |
||